000
00303nam a2200133Ia 4500
008
240624s9999 xx 000 0 und d
041
_a
eng
082
_a
200 PAT
100
_a
PATTANAIK DEVDUTT
245
_a
MY GITA
260
_c
2015
_a
New Delhi
_b
Rupa
300
_a
248 : p. : cm. ; 19
365
_c
RS
999
_c
28455
_d
28455